Biblioteka Instytutu Północnego w Olsztynie

Prawo polskie prywatne : (Rekord nr 27764)

Szczegóły MARC
000 -Nagłówek
fixed length control field 01421cam a2200301 i 4500
001 - Nr kontrolny bibl., która utworzyła rek.
control field zz2003985029
003 - Siglum bibl., której nr kontr. jest w 001
control field NUKAT
005 - Data i czas ostatniej operacji
control field 20260425105947.0
008 - Elementy pola stałej długości
fixed length control field 030808s1867 pl g |001 0 pol c
035 ## - Systemowy numer kontrolny
systemowy numer kontrolny (OCoLC)839002616
035 ## - Systemowy numer kontrolny
systemowy numer kontrolny (NUKAT)zz2003985029
040 ## - Instytucja sporządzająca opis
Instytucja, która sporządziła opis LUBL M/mm
Instytucja, która sporządziła rekord LUBL M/mm
Instytucja, która zmodyfikowała rekord LUBL M/JD
-- WR U/PAdjm
-- WA U/JLs
-- WR U/PAdjm
-- WR O/IS
041 0# - Kod nazwy języka dokumentu
Język tekstu pol
-- lat
100 1# - Hasło główne-nazwa osobowa
Nazwa osobowa Burzyński, Piotr
Daty biograficzne (1819-1879).
9 (RLIN) 40519
245 10 - Tytuł właściwy i oznaczenie odpow.
tytuł Prawo polskie prywatne :
dodatek do tytułu napisane i poświęcone pamięci ubiegłych w roku 1864 pięciuset lat istnienia Akademii Krakowskiej.
numer części/sekcji pracy T. 1,
tytuł części/sekcji pracy Obejmujący źródła prawa polskiego i z prawa prywatnego.
numer części/sekcji pracy Cz. 1,
tytuł części/sekcji pracy O osobach jako podmiotach stosunków prawnych /
dod. inf. ze s. tyt./ozn. odpow. przez Piotra Burzyńskiego.
246 30 - Inne formy tytułu, wariant tytułu
tytuł O osobach jako podmiotach stosunków prawnych
260 ## - Adres wydawniczy
miejsce wydania, dystrybucji itp. Kraków :
nazwa wydawcy, dystrybutora itp. nakł. autora,
data wydania, dystrybucji itp. 1867
miejsce druku (Kraków :
nazwa drukarni Drukarnia c. k. Uniwersytetu Jagiellońskiego pod zarządem K. Mańkowskiego).
300 ## - Opis fizyczny
objętość i/lub forma materiału VI, 534 s. ;
format 22 cm.
336 ## - Content Type
Term Tekst
Code txt
Source rdacontent
337 ## - Media Type
Term Bez urządzenia pośredniczącego
Code n
Source rdamedia
338 ## - Carrier Type
Term Wolumin
Code nc
Source rdacarrier
504 ## - Uwaga o bibliografii
uwaga o bibliografii Indeksy.
530 ## - Uwaga o dod. formie fiz. materiału
uwaga o dodatkowej fizycznej formie dokumentu Dostępne również w wersji elektronicznej w Bibliotece Cyfrowej Uniwersytetu Wrocławskiego.
546 ## - Uwaga o języku opisywanego materiału
uwaga o języku Tekst częśc. łac.
650 #7 - Hasło przedmiotowe-nazwa pospolita
nazwa pospolita lub geogr. Prawo prywatne
określnik geograficzny Polska
określnik chronologiczny 19 w.
źródło hasła kaba
9 (RLIN) 40520
856 41 - Elektroniczne źródła danych i spos. dost.
URL (Uniform Resource Locator) <a href="http://bibliotekacyfrowa.pl/publication/46668">http://bibliotekacyfrowa.pl/publication/46668</a>
942 ## - ADDED ENTRY ELEMENTS (KOHA)
Source of classification or shelving scheme Dewey Decimal Classification
Koha item type pozycje dostępne na miejscu
Egzemplarze
Status wycofania Status zagubienia Klasyfikacja Status uszkodzenia Blokada wypożyczeń Kolekcja Lokalizacja macierzysta Lokalizacja bieżąca Data nabycia Numer akcesji Źródło akcesji Nr inwentarzowy il. wypożyczeń Sygnatura Kod kreskowy Date last seen Price effective from Typ egz.
    Dewey Decimal Classification nieuszkodzona   Pracownia Badań Księgozbiorów Historycznych Biblioteka Instytutu Północnego w Olsztynie Pracownia Badań Księgozbiorów Historycznych 25/04/2026 K-69/1965 kupno 16424   16424 IPWK16682 25/04/2026 25/04/2026 pozycje dostępne na miejscu
Biblioteka Instytutu Północnego, ul. Partyzantów 87, 10-402 Olsztyn, email: biblioteka(at)ip.olsztyn.pl